ՀՀ Գիտությունների ազգային ակադեմիայի հիմնարար գիտական գրադարան  =   Fundamental Scientific Library of NAS RA

Северная деревня в XV - первой половине XIX века : (Record no. 363991)

MARC details
000 -LEADER
fixed length control field 01122nam a2200205 a 4500
001 - CONTROL NUMBER
control field 001134039
003 - CONTROL NUMBER IDENTIFIER
control field AM-YeHGA
005 - DATE AND TIME OF LATEST TRANSACTION
control field 20250617152108.0
008 - FIXED-LENGTH DATA ELEMENTS--GENERAL INFORMATION
fixed length control field 160310s1976 ||| r 000 0 rus d
040 ## - CATALOGING SOURCE
Original cataloging agency AM-YeHGA
041 0# - LANGUAGE CODE
Language code of text/sound track or separate title rus
090 ## - LOCALLY ASSIGNED LC-TYPE CALL NUMBER (OCLC); LOCAL CALL NUMBER (RLIN)
-- 365846
100 1# - MAIN ENTRY--PERSONAL NAME
Personal name Колесников, Петр Андреевич.
245 10 - TITLE STATEMENT
Title Северная деревня в XV - первой половине XIX века :
Remainder of title К вопросу об эволюции аграр. отношений в рус. государстве /
Statement of responsibility, etc. П.А. Колесников ; Вологод. гос. пед. ин-т.
260 ## - PUBLICATION, DISTRIBUTION, ETC.
Place of publication, distribution, etc. Вологда :
Name of publisher, distributor, etc. Сев.-Зап. кн. изд-во. Волог. отд-ние,
Date of publication, distribution, etc. 1976.
300 ## - PHYSICAL DESCRIPTION
Extent 416 с.
653 0# - INDEX TERM--UNCONTROLLED
Uncontrolled term Сельское хозяйство - Север Европейской части РСФСР - История, 15-19 вв.
653 0# - INDEX TERM--UNCONTROLLED
Uncontrolled term Крестьянство на Севере Европейской части РСФСР - История, 15-19 вв.
653 0# - INDEX TERM--UNCONTROLLED
Uncontrolled term Деревня на Севере Европейской части РСФСР - История, 15-19 вв
Holdings
Withdrawn status Lost status Source of classification or shelving scheme Damaged status Not for loan Collection Home library Current library Date acquired Total checkouts Full call number Barcode Date last seen Price effective from Koha item type Public note
    Universal Decimal Classification     General Fundamental Scientific Library Fundamental Scientific Library 11/01/2017   PII/390684 FL0384769 11/01/2017 11/01/2017 Գրքեր / Books 30 Days Loan


ՀՀ ԳԱԱ հիմնարար գիտական գրադարան
ՀՀ,Երևան 0019
Մարշալ Բաղրամյան 24/6
հեռախոս:(374-10) 52-47-50
Հետադարձ կապ

All site content, except where otherwise noted, is licensed under a
Creative Commons License